| 000 | 00532nam a22001577a 4500 | ||
|---|---|---|---|
| 008 | 230309b |||||||| |||| 00| 0 eng d | ||
| 040 |
_aNational Science Library _cNational Science Library |
||
| 080 |
_aD 025.3:025.177:681.3 _bP0 |
||
| 100 | 1 |
_aHsieh-Yee, Ingrid _92340 |
|
| 245 |
_aOrganizing audiovisual and electronic resources for access: _bA cataloging guide |
||
| 260 |
_aEnglewood: _bLibraries Unlimited, Inc., , _c2000 |
||
| 650 | _aLibrary cataloging | ||
| 653 | _aEducation | ||
| 653 | _aOrganization | ||
| 942 |
_2udc _cBK |
||
| 999 |
_c6694 _d6694 |
||